| 000 | 01032nac a22003377a 4500 | ||
|---|---|---|---|
| 001 | BR0104336 | ||
| 003 | BR-BrBNA | ||
| 005 | 20240105122634.0 | ||
| 008 | 230509b bl.|||m| |||| 00| 0 por d | ||
| 040 |
_aBR-BrBNA _bpor _cBiblioteca Nacional de Agricultura |
||
| 072 | _aL02 | ||
| 090 | _a5212 BR0104336 | ||
| 100 | 1 | _aCarneiro, J. da C. | |
| 100 | 1 | _aVaz, F.A. | |
| 100 | 1 | _aValentim, J.F. | |
| 100 | 1 | _aValle, L.A.R. do | |
| 100 | 1 | _aWendling, I.J. | |
| 100 | 1 | _aFeitoza, J.E. | |
| 110 | 1 |
_aEMBRAPA Acre, Rio Branco, AC (Brasil) _93527 |
|
| 245 | 1 | _aUtilizacao de suplementos para a manutencao de novilhos em pastagens durante o periodo seco no Acre | |
| 260 | 3 |
_aRio Branco, AC (Brasil): _c2001. |
|
| 300 | _a5 p. | ||
| 490 |
_aComunicado Tecnico - EMBRAPA Acre (Brazil) _vno. 124 _xISSN 0100-8668 |
||
| 650 | _aNovilho | ||
| 650 | _aPastagem | ||
| 650 | _aSuplemento Alimentar | ||
| 650 | _aGanho de Peso | ||
| 650 | _aAcre | ||
| 909 |
_a202312 _bLúcia Elande _c55 _dLúcia Elande |
||
| 942 |
_2AGRIS _n0 _cMS |
||
| 999 |
_c292052 _d292052 |
||